Central Library OPAC University of Rajshahi

The Chemical physics of solid surfaces and heterogeneous catalysis / (Record no. 54420)

MARC details
000 -LEADER
fixed length control field 01101nam a2200277 a 4500
001 - CONTROL NUMBER
control field 54420
003 - CONTROL NUMBER IDENTIFIER
rucl marc code BD-RjUL
005 - DATE AND TIME OF LATEST TRANSACTION
control field 20211209080122.0
008 - FIXED-LENGTH DATA ELEMENTS--GENERAL INFORMATION
fixed length control field 161106s1983 nyua b 001 0 eng
020 ## - INTERNATIONAL STANDARD BOOK NUMBER
International Standard Book Number 0444419713
035 ## - SYSTEM CONTROL NUMBER
System control number (BD-RjUL)54542
040 ## - CATALOGING SOURCE
Original cataloging agency DLC
Transcribing agency DLC
Modifying agency BD-RjUL
Language of cataloging eng
041 ## - LANGUAGE CODE
Language code of text/sound track or separate title eng
082 00 - DEWEY DECIMAL CLASSIFICATION NUMBER
Edition number 23
Classification number 541.33
Author mark and year CHE 1983
245 04 - TITLE STATEMENT
Title The Chemical physics of solid surfaces and heterogeneous catalysis /
Statement of responsibility, etc. edited by D.A. King and D.P. Woodruff.
246 1# - VARYING FORM OF TITLE
Title proper/short title Chemical physics of solid surfaces
260 ## - PUBLICATION, DISTRIBUTION, ETC. (IMPRINT)
Place of publication, distribution, etc. New York :
Name of publisher, distributor, etc. Distributors for the U.S. and Canada, Elsevier North-Holland,
Date of publication, distribution, etc. c1983
300 ## - PHYSICAL DESCRIPTION
Pagination v.2
Illustrations ill. ;
Size 25 cm.
504 ## - BIBLIOGRAPHY, ETC. NOTE
Bibliography, etc Includes bibliographical references and index.
505 1# - FORMATTED CONTENTS NOTE
Formatted contents note v. 1. Clean solid surfaces -- v. 2. Adsorption at solid surfaces -- v. 3. Chemisorption systems, pts. A-B -- v. 4. Fundamental studies of heterogeneous catalysis --
650 #0 - SUBJECT ADDED ENTRY--TOPICAL TERM
Topical term or geographic name as entry element Surface chemistry.
9 (RLIN) 162403
Topical term or geographic name as entry element Heterogeneous catalysis.
9 (RLIN) 162404
700 1# - ADDED ENTRY--PERSONAL NAME
Personal name King, D. A.
Fuller form of name (David Anthony),
Dates associated with a name 1939-
Personal name Woodruff, D. P.
942 ## - ADDED ENTRY ELEMENTS (KOHA)
Source of classification or shelving scheme Dewey Decimal Classification
Koha item type Books
Holdings
Lost status Source of classification or shelving scheme Damaged status Not for loan Collection code Permanent Location Current Location Shelving location Date acquired Source of acquisition Cost, normal purchase price Total Checkouts Full call number Date last seen Copy number Koha item type
  Dewey Decimal Classification     Non-fiction Central Library, University of Rajshahi Central Library, University of Rajshahi   11/08/1984 Zeitlinger 1064.00   541.33 CHE V-2 1983 06/11/2016 C-2 Books